Datum a čas kvízu

32.5 Celkem bodů Celkový počet nahraných bodů na tomto kvízu bez doplňovacích otázek.
6. Pořadí na kvízu Konečné umístění týmu na tomto kvízu.

Zaznamenané odpovědi

# Otázka Odpověď Body Výsledky
1. Které všeobecně známé tradiční... pochodu Praha - Prčice 0
2. Slovensko má první úřednickou... Ľudovít Ódor 0
3. Minulý týden jsme se dozvěděli... na Staroměstském orloji 1
4. Staropramen minulý týden předs... Orlando Bloom 1
5. Který zápasník o víkendu poraz... Patrik Kincl 1
6. Ve třetím díle našeho cyklu si... Connor 1
7. Kriminální drama s prvky černé... 1B 2C 3D 4A 1
8. Kdo z níže uvedených označil f... C 1
9. Dalším v pořadí je první díl J... 9 členů 1
10. Patnáctku nejlepších filmů uza... Nový Zéland 0